000 00399 a2200145 4500
999 _c6057
_d6057
020 _a9781779032775
050 _aQA135.5 TAM 2005
100 _aTambara, C
_eauthor
245 _aStep in new primary maths:
_bGrade 7 revision book /
_cC Tambara
264 _aHarare:
_bLongman.,
_c2005
300 _a160 pages
500 _alncludes index
650 _amaths
_xgrade 7
942 _2lcc
_cBK
_h135.5
_iTAM
_kQA